Project Runway Season 3 - Statistics

General Stats
  • This quiz has been taken 114 times
  • The average score is 10 of 15
Answer Stats
Place Finished Designer % Correct
Winner Jeffrey Sebelia
100%
3rd place Laura Bennett
100%
4th place Mychael Knight
100%
9th place Alison Kelly
80%
7th place Angela Keslar
80%
5th place Johnathan "Kayne" Gillaspie
80%
Runner Up Uli Herzner
80%
10th place Bradley Baumkirchner
60%
12th place Keith Michael
60%
8th place Robert Best
60%
6th place Vincent Libretti
60%
11th place Bonnie Dominguez
40%
13th place Katherine Gerdes
40%
14th place Malan Breton
40%
15th place Stacey Estrella
40%
No matching quizzes found
Score Distribution
Percent of People with Each Score
Percentile by Number Answered
Your Score History
You have not taken this quiz